[Event "Portugal Open Rapid 2017"]
[Site "masterchessopen.com Lisbon POR"]
[Date "2017.02.11"]
[Round "3.2"]
[White "Gavrish,L"]
[Black "Iturrizaga,E"]
[Result "0-1"]
[WhiteElo "2212"]
[BlackElo "2652"]

1.d4 Nf6 2.c4 e6 3.Nc3 Bb4 4.e3 O-O 5.Bd3 c5 6.Ne2 b6 7.O-O cxd4 8.exd4 Re8
9.Ne4 Be7 10.N2g3 Bb7 11.b3 Nxe4 12.Nxe4 d5 13.Ng3 g6 14.Bb2 Bf6 15.cxd5 Bxd5
16.Rc1 Nc6 17.Bc4 Rc8 18.Bb5 Bg7 19.Re1 Qh4 20.Rc2 Red8 21.Rd2 h5 22.f3 Bh6
23.Rde2 Bf4 24.Nf1 Bxf3 25.gxf3 Qg5+ 26.Kh1 Qxb5 27.Ng3 Ne7 28.Ne4 Qf5 29.Rc2
Nd5 30.Rxc8 Rxc8 31.Qd3 Nb4 {#R} 0-1

[Event "Portugal Open Rapid 2017"]
[Site "masterchessopen.com Lisbon POR"]
[Date "2017.02.11"]
[Round "3.3"]
[White "Palac,M"]
[Black "Santos,JoseAl"]
[Result "1-0"]
[WhiteElo "2600"]
[BlackElo "2193"]

1.e4 e5 2.Nf3 Nc6 3.Bb5 a6 4.Ba4 d6 5.c3 Bd7 6.d4 g6 7.O-O Bg7 8.Re1 Nge7
9.Be3 O-O 10.Nbd2 Qe8 11.Bc2 f5 12.exf5 Nxf5 13.dxe5 Nxe3 14.Rxe3 Nxe5 15.Nxe5
dxe5 16.Nf3 Bc6 17.Be4 Rd8 18.Qb3+ Kh8 19.Rae1 Ba4 20.Qc4 Bh6 21.Rd3 Bb5
22.Rxd8 Qxd8 23.Qc5 Qd6 24.Qxe5+ Qxe5 25.Nxe5 b6 26.Bc6 Bf4 27.Bxb5 axb5
28.Nc6 Bd6 29.a3 Rf5 30.g3 Rd5 31.Re2 Kg7 32.Kg2 Kf6 33.Nd4 b4 34.axb4 Bxb4
35.Kf3 Bc5 36.Nb5 Bd6 37.Nxd6 Rxd6 38.Ke3 Rd5 39.Rd2 Re5+ 40.Kd3 Rh5 41.h4 Ke7
42.Re2+ Kd6 43.Re8 Rf5 44.Ke3 Kd7 45.Re4 Kd6 46.g4 Ra5 47.Kf4 h6 48.Re8 g5+
49.Kg3 gxh4+ 50.Kxh4 Ra2 51.Rh8 Rxb2 52.Rxh6+ Ke5 53.Kg3 c5 54.f4+ Ke4 55.Re6+
Kd5 56.f5 Rb1 57.Re3 b5 58.f6 Rg1+ 59.Kf4 Rf1+ 60.Rf3 Ra1 61.f7 Ra8 62.Kg5 Ra4
{#r} 1-0

[Event "Portugal Open Rapid 2017"]
[Site "masterchessopen.com Lisbon POR"]
[Date "2017.02.11"]
[Round "3.4"]
[White "Gharamian,T"]
[Black "Bebchuk,L"]
[Result "1-0"]
[WhiteElo "2624"]
[BlackElo "2028"]

1.e4 c5 2.Nf3 Nc6 3.Bb5 e6 4.O-O Nf6 5.Bxc6 bxc6 6.e5 Nd5 7.d3 Be7 8.c4 Nc7
9.Nc3 f6 10.Re1 O-O 11.b3 f5 12.Ba3 Na6 13.Qd2 Nb4 14.Rad1 a5 15.Na4 Rb8
16.Bc1 Qe8 17.a3 Na6 18.Qc3 Qh5 19.Nd2 Bd8 20.Nf1 Bc7 21.f4 h6 22.Be3 d6
23.Bf2 Qf7 24.Nd2 Qe7 25.Nf3 d5 26.cxd5 cxd5 27.Nxc5 Nxc5 28.Bxc5 Bb6 29.b4
axb4 30.axb4 Bxc5+ 31.Qxc5 Qb7 32.Rb1 Bd7 33.Rec1 Rfc8 34.Qd6 Kf7 35.h3 Bb5
36.Nd4 Rxc1+ 37.Rxc1 Qb6 38.Rc7+ Kg6 39.Qxe6+ Qxe6 40.Nxe6 Bxd3 41.g4 fxg4
42.hxg4 Kh7 43.Nxg7 Rxb4 44.Nh5+ Kh8 45.e6 Bg6 46.Kh2 Bxh5 47.gxh5 Rxf4
48.Rc8+ {#r} 1-0

[Event "Portugal Open Rapid 2017"]
[Site "masterchessopen.com Lisbon POR"]
[Date "2017.02.11"]
[Round "3.5"]
[White "Perunovic,Mil"]
[Black "Sousa,H"]
[Result "1-0"]
[WhiteElo "2604"]
[BlackElo "2165"]

1.e4 c5 2.Nf3 a6 3.Nc3 d6 4.d4 cxd4 5.Nxd4 e5 6.Nf5 Nf6 7.Bg5 h6 8.Bxf6 Qxf6
9.Nd5 Qd8 10.Bc4 Be6 11.Qf3 Nc6 12.O-O-O Rc8 13.Bb3 Bxf5 14.exf5 Be7 15.Kb1
Bf6 16.c3 O-O 17.h4 Na5 18.Bc2 Re8 19.g4 e4 20.Bxe4 Rc4 21.Bd3 Rc5 22.g5 hxg5
23.hxg5 Bxg5 24.f6 Rxd5 25.Bh7+ Kf8 26.fxg7+ Kxg7 27.Rxd5 Nc4 28.Rg1 Re5
29.Bc2 Qe7 30.Rxe5 Qxe5 31.Qg4 Nd2+ 32.Ka1 Kf6 33.a3 b5 34.Qh5 Qf4 35.Qh8+ Ke7
36.Re1+ Kd7 37.Qa8 Nc4 38.Qb7+ Kd8 39.Rh1 Bh6 40.Qxa6 Qg5 41.Qa8+ Ke7 42.Re1+
Ne5 43.Qb7+ Kf6 44.Qxb5 Qd2 45.Qe2 Qd5 46.Qe4 Qd2 47.Rd1 {#r} 1-0

[Event "Portugal Open Rapid 2017"]
[Site "masterchessopen.com Lisbon POR"]
[Date "2017.02.11"]
[Round "3.7"]
[White "Kovalev,Vl"]
[Black "Derakhshani,D"]
[Result "1-0"]
[WhiteElo "2598"]
[BlackElo "2373"]

1.d4 Nf6 2.Bf4 e6 3.e3 d5 4.Nf3 Bd6 5.Bg3 c5 6.c3 Nc6 7.Nbd2 O-O 8.Bb5 Ne7
9.Bd3 b6 10.Bxd6 Qxd6 11.Ne5 Bb7 12.Qf3 Qc7 13.Qh3 h6 14.Qh4 Nf5 15.Bxf5 exf5
16.Qf4 Qc8 17.f3 Qe6 18.Kf2 Rae8 19.Rae1 Kh7 20.h3 Nd7 21.Nxd7 Qxd7 22.g4 Bc8
23.dxc5 bxc5 24.Nb3 Qb5 25.gxf5 c4 26.Nd4 Qxb2+ 27.Re2 Qxc3 28.Rg1 Rg8 29.Qc7
Rxe3 30.Rxe3 Qxd4 31.Qxf7 c3 32.Qg6+ Kh8 33.f6 Qd2+ 34.Re2 Qd4+ 35.Ke1 Qh4+
36.Rg3 {#r} 1-0

[Event "Portugal Open Rapid 2017"]
[Site "masterchessopen.com Lisbon POR"]
[Date "2017.02.11"]
[Round "3.8"]
[White "Costa,Pa"]
[Black "Campora,D"]
[Result "0-1"]
[WhiteElo "2114"]
[BlackElo "2450"]

1.d4 Nf6 2.Nf3 d6 3.g3 Nbd7 4.Bg2 e5 5.c4 c6 6.O-O Be7 7.Nc3 O-O 8.Qc2 Re8
9.Rd1 Bf8 10.dxe5 dxe5 11.h3 a5 12.Be3 Qc7 13.Rac1 Nc5 14.Na4 Nfd7 15.a3 Nxa4
16.Qxa4 Nc5 17.Qc2 a4 18.Ng5 g6 19.Bxc5 Bxc5 20.Ne4 Be7 21.c5 Bf5 22.g4 Bxe4
23.Qxe4 Ra5 24.Qb4 Rb5 25.Qxa4 Rxb2 26.Rc2 Rxc2 27.Qxc2 Qa5 28.Rb1 Bxc5 29.e3
Re7 30.Rb3 Bxa3 31.Qa2 Bb4 32.Qb2 Bd6 33.Rd3 Qb4 34.Qa1 e4 35.Rd4 Qa3 36.Qd1
Bc7 37.Bxe4 Kg7 38.Bg2 Qc5 39.Rd2 Qe5 40.Qb3 Qa1+ 41.Rd1 Qa5 42.Rc1 Qe5 43.Kf1
Bd6 44.Rd1 Qf6 45.Qd3 Bg3 46.Qd4 Be5 47.Qc5 h6 48.Kg1 Bc7 49.Rb1 Re5 50.Qd4
Re7 51.Qc4 Rd7 52.Kf1 Be5 53.Kg1 Rd2 54.f4 Bc7 55.Rxb7 Qd6 56.Qc3+ Kg8 57.Kh2
Qd5 58.e4 Bxf4+ 59.Kg1 Rd1+ 60.Bf1 Qd4+ 61.Qxd4 Rxd4 62.Bg2 c5 63.Rb5 c4
64.Kf1 c3 65.Rc5 Rd1+ 66.Ke2 Rd2+ 67.Kf3 Bg5 68.Rxc3 Bh4 69.Bh1 Rf2+ 70.Ke3
Rh2 71.Bf3 Rxh3 72.e5 Kg7 73.Rc7 Bg5+ 74.Ke2 Rh2+ 75.Kf1 Be3 76.Bd5 Rf2+
77.Ke1 Kf8 78.e6 fxe6 79.Bxe6 Rf6 80.Bd5 Bf4 81.Rd7 Ke8 82.Rb7 Rd6 83.Bb3 Kd8
84.Kf2 Bg5 85.Bc4 Rd4 86.Be2 Bh4+ 87.Kf3 Rd6 88.Bc4 Rf6+ 89.Kg2 Be1 90.Bd5
Rf2+ 91.Kg1 Rf4 92.g5 Rg4+ 93.Kf1 Rxg5 94.Be4 Ba5 95.Rg7 Rg4 96.Bxg6 Bc3
97.Rg8+ Ke7 98.Bh7 Rf4+ 99.Kg2 h5 100.Rg5 h4 101.Bd3 Bd4 102.Rf5 Rg4+ 103.Kh3
Rg3+ 104.Kxh4 Rxd3 105.Kg4 Ke6 106.Rh5 Bf6 107.Rb5 Be5 108.Rb6+ Bd6 109.Rb5
Rg3+ 110.Kh4 Rg1 111.Ra5 Be5 112.Kh3 Kf5 113.Ra4 Rg3+ 114.Kh4 Rg2 {#R} 0-1

[Event "Portugal Open Rapid 2017"]
[Site "masterchessopen.com Lisbon POR"]
[Date "2017.02.11"]
[Round "3.10"]
[White "Bhawoodien,Mohamed Ozayr"]
[Black "Annaberdiev,M"]
[Result "0-1"]
[WhiteElo "2060"]
[BlackElo "2435"]

1.d4 Nf6 2.c4 e6 3.Nf3 d5 4.e3 a6 5.b3 c5 6.Bb2 cxd4 7.exd4 Ne4 8.Bd3 Bb4+
9.Nbd2 Nxd2 10.Nxd2 Qg5 11.g3 dxc4 12.bxc4 Nc6 13.f4 Qd8 14.Qa4 O-O 15.O-O-O
Be7 16.Nf3 b5 17.cxb5 Nb4 18.Be4 Rb8 19.a3 axb5 20.Qb3 Nd5 21.Ne5 Bb7 22.Qd3
f5 23.Bf3 b4 24.a4 Qa5 25.Qb5 Rfc8+ 26.Kb1 Qxb5 27.axb5 Nc3+ 28.Bxc3 Bxf3
29.Nxf3 bxc3 30.Kc2 Rxb5 31.Rb1 Ra5 32.Ra1 Rca8 33.Rxa5 Rxa5 34.Rb1 Bf6
35.Kxc3 Ra2 36.Rb2 Rxb2 37.Kxb2 h6 38.Ne5 g5 39.Kc2 Kg7 40.Kd3 Bd8 41.h3 Ba5
42.Ke3 Be1 43.g4 Bg3 44.fxg5 hxg5 45.gxf5 exf5 46.Nd3 Kf6 47.Kf3 Bd6 48.Nf2
Ke6 49.Nd1 Bc7 50.Ne3 Bb6 51.d5+ Kf6 52.Nc4 Bc5 53.d6 Ke6 54.Kg3 Bxd6+ 55.Kf3
Bc5 56.Nd2 Kd5 57.Nf1 Ke5 58.Nd2 Bb4 59.Nf1 Bc5 60.Nd2 Ba7 61.Nf1 Kd5 62.Ng3
Ke6 63.Nf1 Bb8 64.Nd2 Bf4 65.Nf1 Ke5 66.Kg2 Ke4 67.Kf2 Kd4 68.Kf3 Ke5 69.Kg2
Bc1 70.Ng3 Bf4 71.Nh5 Ke4 72.Ng7 Be5 73.Ne6 Bf6 74.Nc5+ Ke3 75.Nd7 Bd4 76.Nf8
f4 77.Ne6 Bf6 78.Nc5 Ke2 79.Ne4 f3+ 80.Kg3 Be5+ 81.Kg4 Ke3 82.Nxg5 f2 83.Nf3
f1=Q {#R} 0-1

[Event "Portugal Open Rapid 2017"]
[Site "masterchessopen.com Lisbon POR"]
[Date "2017.02.11"]
[Round "3.11"]
[White "Fernandes,Ant"]
[Black "Fathallah,J"]
[Result "1-0"]
[WhiteElo "2463"]
[BlackElo "2003"]

1.d4 f5 2.g3 Nf6 3.Bg2 g6 4.Nh3 Bg7 5.c4 d6 6.d5 c6 7.O-O O-O 8.Nf4 e5 9.dxe6
Re8 10.Nc3 Na6 11.Be3 Bxe6 12.Nxe6 Rxe6 13.Qd2 Qe7 14.Rad1 Rxe3 15.Qxe3 Qxe3
16.fxe3 Ng4 17.e4 Bxc3 18.bxc3 Ne3 19.exf5 gxf5 20.Rxd6 Nxf1 21.Bxf1 Nc5
22.Rf6 Rf8 23.Rxf8+ Kxf8 24.Bh3 Ne4 25.Bxf5 Nxc3 26.a3 h6 27.Kf2 b5 28.Bd3 a5
29.Ke3 b4 30.axb4 axb4 31.Kd4 Na2 32.c5 b3 33.Bc4 Nc1 34.Kc3 Ke7 35.Kb2 {#r}
1-0

[Event "Portugal Open Rapid 2017"]
[Site "masterchessopen.com Lisbon POR"]
[Date "2017.02.11"]
[Round "3.12"]
[White "Neto,H"]
[Black "Alvarez Marquez,J"]
[Result "0-1"]
[WhiteElo "2162"]
[BlackElo "2398"]

1.Nf3 d5 2.d4 Nc6 3.Bf4 Bg4 4.e3 e6 5.Be2 Bd6 6.Bg3 Nf6 7.Nbd2 O-O 8.c4 dxc4
9.Nxc4 Bb4+ 10.Nfd2 Bxe2 11.Qxe2 Ne4 12.a3 Bxd2+ 13.Nxd2 Nxg3 14.hxg3 e5
15.Qh5 h6 16.dxe5 Qd5 17.Nf3 Rad8 18.O-O Rfe8 19.Qg4 Nxe5 20.Nxe5 Qxe5 21.Qe2
Rd6 22.Rfd1 Red8 23.Rxd6 Qxd6 24.Rc1 c6 25.Rc2 g6 26.b4 Qd5 27.Qc4 Qh5 28.Rc1
Rd2 29.g4 Qh4 30.g3 Qf6 31.Qf4 Qxf4 32.gxf4 Rd3 33.Ra1 Rb3 34.Kf1 Rb2 35.Rd1
Rb3 36.Rd7 Rxa3 37.Rxb7 Rb3 38.Ke2 a5 39.Rc7 axb4 40.Rxc6 Rb2+ 41.Kf3 Kg7
42.Rb6 b3 43.f5 gxf5 44.gxf5 Rb1 45.e4 h5 46.e5 b2 47.Kf4 h4 48.f6+ Kg6 49.Rb8
h3 50.Rb3 Rg1 51.Rxb2 h2 52.Rb8 h1=Q 53.Rg8+ Kh7 {#R} 0-1

[Event "Portugal Open Rapid 2017"]
[Site "masterchessopen.com Lisbon POR"]
[Date "2017.02.11"]
[Round "3.14"]
[White "Rodriguez,Juan Talavera"]
[Black "Rocha,S"]
[Result "0-1"]
[WhiteElo "2007"]
[BlackElo "2378"]

1.e4 c5 2.Nf3 Nc6 3.d4 cxd4 4.Nxd4 Qb6 5.Nb3 Nf6 6.Be3 Qc7 7.Nc3 e6 8.a3 Be7
9.Be2 O-O 10.O-O d6 11.f4 a6 12.Bf3 Rb8 13.g4 b5 14.g5 Nd7 15.Qe1 Re8 16.Rd1
Bf8 17.Qh4 g6 18.Bg4 Nb6 19.Rf3 Qe7 20.f5 exf5 21.exf5 gxf5 22.Rh3 Qxe3+
23.Rxe3 Rxe3 24.Kf2 Rxc3 25.bxc3 fxg4 26.Nd4 Nxd4 27.cxd4 Be6 28.Qg3 Rc8
29.Qd3 Nd5 30.Kg3 Rc3 {#R} 0-1

[Event "Portugal Open Rapid 2017"]
[Site "masterchessopen.com Lisbon POR"]
[Date "2017.02.11"]
[Round "3.16"]
[White "Guimaraes,R"]
[Black "Strugnell,C"]
[Result "1-0"]
[WhiteElo "2126"]
[BlackElo "2255"]

1.e4 e5 2.Bc4 Nf6 3.d3 Nc6 4.Nc3 Na5 5.Bb3 Nxb3 6.axb3 d6 7.f4 c6 8.Nf3 Qc7
9.O-O Be7 10.Kh1 Bg4 11.Qe1 a6 12.Qg3 Bxf3 13.Qxf3 O-O-O 14.fxe5 dxe5 15.Be3
Kb8 16.Na4 Rdf8 17.Nc5 Bxc5 18.Bxc5 Re8 19.Bg1 Re7 20.Qe3 Nd7 21.b4 Nf8
22.Qa7+ Kc8 23.Bb6 Qb8 24.Rxa6 Nd7 25.Ra5 Qxa7 26.Bxa7 b6 27.Ra3 Kb7 28.c4 Ra8
29.Rfa1 Re6 30.c5 b5 31.Ra5 Ree8 32.Kg1 Red8 33.Kf2 Nf8 34.Ke3 Ne6 35.Bb6 Rdc8
36.Ra7+ Rxa7 37.Rxa7+ Kb8 38.Rxf7 Rf8 39.Rxf8+ Nxf8 40.Bd8 Kc8 41.Be7 Ne6
42.Bd6 {#r} 1-0

[Event "Portugal Open Rapid 2017"]
[Site "masterchessopen.com Lisbon POR"]
[Date "2017.02.11"]
[Round "3.19"]
[White "Guerreiro,N"]
[Black "Borensztajn,D"]
[Result "1-0"]
[WhiteElo "2157"]
[BlackElo "2113"]

1.e4 c5 2.d4 cxd4 3.c3 dxc3 4.Nxc3 Nc6 5.Bc4 e6 6.Nf3 Qc7 7.O-O Nf6 8.Bb3 a6
9.Re1 d6 10.Bf4 Be7 11.Rc1 Qb8 12.Na4 Nd7 13.Ng5 Bxg5 14.Bxg5 Nce5 15.f4 b5
16.fxe5 bxa4 17.Bxa4 dxe5 18.Rxc8+ Qxc8 19.Qd6 f6 20.Qxe6+ Kd8 21.Rd1 Ra7
22.Be3 Rc7 23.Bb6 Re8 24.Rxd7+ {#r} 1-0

[Event "Portugal Open Rapid 2017"]
[Site "masterchessopen.com Lisbon POR"]
[Date "2017.02.11"]
[Round "4.2"]
[White "Iturrizaga,E"]
[Black "Fernandes,Ant"]
[Result "1-0"]
[WhiteElo "2652"]
[BlackElo "2463"]

1.Nf3 Nf6 2.c4 e6 3.g3 d5 4.b3 c6 5.Bb2 a5 6.a3 Nbd7 7.Bg2 g6 8.O-O Bg7 9.Qc2
O-O 10.Nc3 b6 11.Rfc1 Ba6 12.d3 Rc8 13.cxd5 cxd5 14.b4 Bb7 15.Qb3 Ba8 16.Nb5
Qe7 17.Na7 Rxc1+ 18.Rxc1 Nb8 19.Nc8 Qb7 20.Qc2 axb4 21.axb4 Na6 22.b5 Nc5
23.Nxb6 Qxb6 24.Qxc5 Qxc5 25.Rxc5 Nd7 26.Rc7 Bxb2 27.Rxd7 Rb8 28.d4 Kg7 29.Ng5
Kf6 {#r} 1-0

[Event "Portugal Open Rapid 2017"]
[Site "masterchessopen.com Lisbon POR"]
[Date "2017.02.11"]
[Round "4.4"]
[White "Alvarez Marquez,J"]
[Black "Gharamian,T"]
[Result "0-1"]
[WhiteElo "2398"]
[BlackElo "2624"]

1.d4 Nf6 2.Bg5 e6 3.e3 c5 4.c3 Be7 5.Nd2 b6 6.Ngf3 Bb7 7.Bd3 O-O 8.O-O d6
9.Qe2 Nbd7 10.Ba6 Qc8 11.Bxb7 Qxb7 12.e4 h6 13.Bh4 cxd4 14.cxd4 Rfe8 15.Rac1
Bf8 16.Rc2 Rac8 17.Rfc1 Rxc2 18.Rxc2 Rc8 19.Qd3 d5 20.e5 Ne4 21.a3 Nxd2
22.Nxd2 Nb8 23.f4 Nc6 24.b4 a5 25.bxa5 bxa5 26.Bf2 a4 27.f5 Na5 28.fxe6 fxe6
29.h3 Nc4 30.Qg6 Qf7 31.Qg4 Nxe5 32.Qd1 Nc4 33.Nxc4 dxc4 34.Rc3 Qd7 35.Bg3 Bd6
36.Bxd6 Qxd6 37.Kh1 Qd5 38.Qxa4 Qxd4 39.Qb4 Qf4 40.Rf3 Qe5 41.Qb7 Rb8 42.Qf7+
Kh7 43.Qf4 Qxf4 44.Rxf4 Rc8 45.Rf2 Kg6 46.Kg1 c3 47.Rc2 Kf5 48.Kf2 Ke4 49.Ke2
Kd4 50.Kd1 Kd3 51.Rf2 Rb8 52.Kc1 Rb7 53.Rf3+ Kc4 54.Rf4+ Kb3 55.Rf8 Kxa3
56.Kc2 Kb4 57.Re8 Ra7 58.Rb8+ Kc4 59.Rc8+ Kd4 60.Rd8+ Ke4 61.Kxc3 Ra3+ 62.Kc4
Ra2 63.Rd4+ Ke3 64.Rg4 Ra4+ {#R} 0-1

[Event "Portugal Open Rapid 2017"]
[Site "masterchessopen.com Lisbon POR"]
[Date "2017.02.11"]
[Round "4.5"]
[White "Akshat,Kh"]
[Black "Perunovic,Mil"]
[Result "0-1"]
[WhiteElo "2361"]
[BlackElo "2604"]

1.d4 Nf6 2.c4 e6 3.Nc3 Bb4 4.f3 O-O 5.a3 Bxc3+ 6.bxc3 Ne8 7.e4 b6 8.e5 c5
9.Bd3 Nc6 10.Ne2 Ba6 11.O-O cxd4 12.cxd4 d5 13.Qc2 h6 14.Bh7+ Kh8 15.cxd5 Bxe2
16.Qxe2 Nxd4 17.Qd3 exd5 18.Bb2 Ne6 19.Bf5 N8c7 20.Rad1 Qg5 21.g3 Rad8 22.f4
Qe7 23.Qe2 d4 24.Bb1 Nd5 25.f5 Nc5 26.Rxd4 Nb3 27.Rh4 Qc5+ 28.Qf2 Nd2 29.Qxc5
bxc5 30.Re1 Nf3+ 31.Kf2 Nxh4 32.gxh4 c4 33.Be4 Nf4 34.Bc1 Nd3+ 35.Bxd3 Rxd3
36.Re4 Rc8 37.e6 fxe6 38.fxe6 Kg8 39.Ke2 Rd5 40.Bb2 g6 41.Bf6 Kf8 42.Rg4 Rc6
43.e7+ Kf7 44.Rxg6 Re6+ 45.Kf3 Kxg6 {#R} 0-1

[Event "Portugal Open Rapid 2017"]
[Site "masterchessopen.com Lisbon POR"]
[Date "2017.02.11"]
[Round "4.6"]
[White "Indjic,A"]
[Black "Ozer,Omer Faruk"]
[Result "0-1"]
[WhiteElo "2560"]
[BlackElo "2344"]

1.d4 d5 2.c4 c6 3.Nf3 Nf6 4.Nc3 dxc4 5.a4 e5 6.Nxe5 Bb4 7.e3 Be6 8.Be2 c5
9.O-O Nc6 10.Nxc6 bxc6 11.Bf3 Qd7 12.dxc5 Bxc5 13.a5 O-O 14.Qa4 Rab8 15.Qxc6
Qxc6 16.Bxc6 Rfd8 17.a6 Ng4 18.Bb7 Ne5 19.Ne4 Bb4 20.Nc3 Nd3 21.Nb5 Bc5 22.Nc7
Bc8 23.Bxc8 Rbxc8 24.Nb5 Rb8 25.Nc3 f5 26.g3 Be7 27.Ra4 Rdc8 28.Nd5 Bd8 29.Rd1
Rb3 30.e4 fxe4 31.Ne3 Bb6 32.Nxc4 Bxf2+ 33.Kg2 Bc5 34.Rf1 Re8 35.Na5 Rb4
36.Rxb4 Bxb4 37.Nc4 Nxc1 38.Rxc1 e3 39.Nxe3 Rxe3 40.Rc4 Ba5 41.b4 Bb6 42.g4
Ra3 43.g5 Rxa6 44.Kf3 Ra4 45.h4 Kf7 46.h5 a5 47.Rf4+ Ke6 48.h6 gxh6 49.Rf6+
Ke5 50.Rxb6 hxg5 51.Rb5+ Kf6 52.Rb6+ Kf5 53.Rb5+ Kg6 54.bxa5 Ra3+ 55.Kg2 Kh5
56.Rc5 Kh4 57.Rc6 h5 58.a6 g4 59.Kf1 Kh3 60.Ke2 g3 61.Kd2 g2 62.Rc3+ Rxc3
63.Kxc3 g1=Q {#R} 0-1

[Event "Portugal Open Rapid 2017"]
[Site "masterchessopen.com Lisbon POR"]
[Date "2017.02.11"]
[Round "4.7"]
[White "Rocha,S"]
[Black "Kovalev,Vl"]
[Result "0-1"]
[WhiteElo "2378"]
[BlackElo "2598"]

1.d4 Nf6 2.Nf3 g6 3.c4 Bg7 4.Nc3 O-O 5.e4 d6 6.Be2 e5 7.O-O c6 8.Re1 exd4
9.Nxd4 Re8 10.Bf1 Nbd7 11.f3 d5 12.exd5 Rxe1 13.Qxe1 cxd5 14.Be3 Ne5 15.Rd1
dxc4 16.Ne6 Bxe6 17.Rxd8+ Rxd8 18.Bxa7 Nd3 19.Qe2 Nd5 20.Nxd5 Rxd5 21.Qc2 Nxb2
22.Be3 Bf5 23.Qf2 Nd1 24.Bxc4 Nxf2 25.Bxd5 Nd1 26.Bb6 Nc3 27.Bxb7 Nxa2 28.Kf2
Nb4 29.Ke3 Be6 30.Ba7 Nd5+ 31.Kf2 h5 32.Bc5 Be5 33.h3 h4 34.Ba6 Kg7 35.Bb7 Nf4
36.Ba6 Bf5 37.Bb6 Ne6 38.Ke3 Bh2 39.Kf2 Bd6 40.Ba5 Bc5+ 41.Kf1 Bd4 42.Be1 g5
43.Ba5 Nf4 44.Bd8 f6 45.Bc7 Bd3+ 46.Bxd3 Nxd3 47.Ke2 Nf4+ 48.Kf1 Kf7 49.Bb8
Ke6 50.Bc7 Kd5 51.Bb8 Kc4 52.Bc7 Kd3 53.Bb8 Kc2 54.Bc7 Kd1 55.Bb8 Nh5 56.Bc7
f5 57.g4 hxg3 58.Kg2 Ke2 59.Bb8 f4 60.Bc7 Ng7 61.Bd8 Nf5 62.Bxg5 Ne3+ 63.Kg1
Kxf3 64.h4 Nc2+ {#R} 0-1

[Event "Portugal Open Rapid 2017"]
[Site "masterchessopen.com Lisbon POR"]
[Date "2017.02.11"]
[Round "4.8"]
[White "Campora,D"]
[Black "Rego,P"]
[Result "1-0"]
[WhiteElo "2450"]
[BlackElo "2232"]

1.e4 e5 2.Nf3 Nc6 3.Bb5 Nf6 4.d3 Bc5 5.Bxc6 dxc6 6.O-O Bg4 7.Be3 Qd6 8.Nbd2
Bxe3 9.fxe3 Nd7 10.Nc4 Qe7 11.Qe1 O-O 12.Qg3 Bxf3 13.Rxf3 f6 14.Raf1 Rae8
15.a3 Nc5 16.h4 Ne6 17.b4 b5 18.Na5 c5 19.Qe1 Qd6 20.Qc3 cxb4 21.axb4 c5
22.Nb7 Qc6 23.Nxc5 a5 24.Qb3 axb4 25.Nxe6 Rxe6 26.R3f2 Rc8 27.Qxb4 Qc5 28.Qxc5
Rxc5 29.Rb1 Rec6 30.Rb2 Kf7 31.Kf1 Kg6 32.g4 h5 33.Kg2 hxg4 34.Kg3 Kh5 35.Ra2
Rc7 36.Rf5+ Kg6 37.h5+ Kh6 38.Ra8 Rc8 39.Rxc8 Rxc8 40.d4 exd4 41.exd4 Rc4
42.Rd5 b4 43.Kxg4 Rxc2 44.Rd8 Rg2+ 45.Kf3 Rc2 46.Rb8 Rc4 47.d5 Kxh5 48.Ke3 Rc1
49.Rxb4 g5 50.d6 Rc8 51.Kd4 g4 52.Kd5 Kg5 53.d7 Rd8 54.Ke6 g3 55.Ke7 Rxd7+
56.Kxd7 Kf4 57.Ke6 g2 58.e5+ Ke3 59.Rg4 {#r} 1-0

[Event "Portugal Open Rapid 2017"]
[Site "masterchessopen.com Lisbon POR"]
[Date "2017.02.11"]
[Round "4.9"]
[White "Santos,AntonioP"]
[Black "Guimaraes,R"]
[Result "0-1"]
[WhiteElo "2248"]
[BlackElo "2126"]

1.d4 Nf6 2.c4 c5 3.d5 b5 4.cxb5 a6 5.bxa6 g6 6.Nc3 Bxa6 7.g3 Bg7 8.Bg2 d6
9.Nf3 Nfd7 10.O-O O-O 11.Qc2 Nb6 12.Rd1 N8d7 13.Ne1 Nc4 14.b3 Qa5 15.bxc4 Qxc3
16.Qxc3 Bxc3 17.Bh6 Bxa1 18.Bxf8 Kxf8 19.Rxa1 Bxc4 20.a4 Bxe2 21.Nc2 Ra5
22.Ne3 Nb6 23.Rb1 Nxa4 24.Rb8+ Kg7 25.Rb7 Kf6 26.f3 h5 27.Kf2 Bd3 28.g4 c4
29.h4 c3 30.g5+ Kg7 31.Rxe7 c2 32.Rc7 Rc5 33.Rxc5 Nxc5 {#R} 0-1

[Event "Portugal Open Rapid 2017"]
[Site "masterchessopen.com Lisbon POR"]
[Date "2017.02.11"]
[Round "4.15"]
[White "Santos,JoseAl"]
[Black "Veiga,Jose Francisco R P Neves"]
[Result "1-0"]
[WhiteElo "2193"]
[BlackElo "2069"]

1.e4 c5 2.f4 Nc6 3.b3 b6 4.Bb2 Nf6 5.Nc3 d6 6.Nf3 Bb7 7.e5 dxe5 8.fxe5 Nd5
9.Nxd5 Qxd5 10.Bc4 Qe4+ 11.Kf2 e6 12.Rf1 Be7 13.Kg1 O-O-O 14.a4 g5 15.d3 Qe3+
16.Kh1 Qf4 17.Bc1 Qg4 18.Nxg5 Qxd1 19.Rxd1 Nxe5 20.Nxf7 Rhg8 21.Bxe6+ Nd7
22.Nxd8 Bxg2+ 23.Kg1 Rg7 24.Bb2 Rg6 25.Bf5 Rg5 26.Bxd7+ Kxd7 27.Nf7 Rg8 28.Kf2
Bh4+ 29.Ke3 Re8+ 30.Kd2 Re7 31.Rg1 Bf3 32.Ne5+ {#r} 1-0

[Event "Portugal Open Rapid 2017"]
[Site "masterchessopen.com Lisbon POR"]
[Date "2017.02.11"]
[Round "4.19"]
[White "Leao,Tiago Miguel Da Silva"]
[Black "Pereira,Ant2"]
[Result "1-0"]
[WhiteElo "2044"]
[BlackElo "2124"]

1.e4 e6 2.d4 d5 3.Nd2 c5 4.exd5 Qxd5 5.Ndf3 Nc6 6.Bb5 cxd4 7.Bxc6+ bxc6 8.Qxd4
Nf6 9.Be3 Be7 10.Ne2 Ba6 11.b3 O-O 12.c4 Bb4+ 13.Bd2 Qa5 14.Bxb4 Qxb4+ 15.Qc3
Qb6 16.O-O c5 17.Ng3 Bb7 18.Rad1 a5 19.Rfe1 a4 20.Rb1 axb3 21.Rxb3 Qc7 22.a3
Rfd8 23.Qe5 Qc8 24.Nh5 Nxh5 25.Qxh5 Bxf3 26.Rxf3 Qd7 27.Rh3 h6 28.g4 Qd4 29.g5
Qxc4 30.gxh6 g6 31.Qe5 Kh7 32.Qg7# 1-0

[Event "Portugal Open Rapid 2017"]
[Site "masterchessopen.com Lisbon POR"]
[Date "2017.02.11"]
[Round "5.3"]
[White "Gharamian,T"]
[Black "Campora,D"]
[Result "0-1"]
[WhiteElo "2624"]
[BlackElo "2450"]

1.e4 e5 2.Nf3 Nc6 3.Bb5 a6 4.Ba4 Nf6 5.O-O Be7 6.d3 d6 7.c3 O-O 8.Re1 Bd7
9.Nbd2 Re8 10.Nf1 Bf8 11.Ng3 g6 12.h3 Bg7 13.d4 Qe7 14.d5 Nb8 15.Bc2 a5 16.b3
h6 17.a3 Nh7 18.Bd3 c6 19.dxc6 bxc6 20.Bc4 Be6 21.Bxe6 Qxe6 22.c4 c5 23.Qd5
Ra6 24.Rd1 Nf6 25.Qb7 Qc8 26.Qxc8 Rxc8 27.Rb1 Ne8 28.Ne2 Nc6 29.Nc3 Rb8 30.a4
Nd4 31.Nxd4 cxd4 32.Nb5 Bf8 33.g4 g5 34.Ba3 Rb7 35.Kg2 Nc7 36.Rh1 Ne6 37.Kf3
f6 38.h4 Rf7 39.Ke2 Nc5 40.f3 Ne6 41.Kd2 Nf4 42.Rh2 Ng6 43.h5 Nf4 44.Kd1 Rd7
45.Ra2 Kf7 46.Kd2 Ne6 47.b4 Rc6 48.Rc1 Ra6 49.bxa5 Rxa5 50.Bb4 Ra6 51.Kc2 Nd8
52.Rb1 Ke6 53.Bd2 Nc6 54.Kd3 Be7 55.Rc1 Rb7 56.Raa1 Kd7 57.Be1 Bd8 58.c5 dxc5
59.Rxc5 Ba5 60.Bxa5 Nxa5 61.Rac1 Rc6 62.Rd5+ Ke7 63.Rxc6 Nxc6 64.Rc5 Rb6
65.Kc4 Ra6 66.Nc7 Rxa4+ 67.Kb5 Ra3 68.Kxc6 Rxf3 69.Nd5+ Ke6 70.Kc7 d3 71.Rc6+
Kf7 72.Rd6 d2 73.Nb4 Rc3+ 74.Kd7 Rc4 75.Na2 Rxe4 76.Rxd2 Rxg4 77.Rb2 Rd4+
78.Kc6 g4 79.Nb4 Ke6 80.Kc5 f5 81.Nc6 Rd5+ 82.Kc4 Rd6 83.Kc5 f4 84.Rb8 Rd5+
85.Kc4 g3 86.Rg8 Rd1 87.Re8+ Kf6 88.Rf8+ Kg7 {#R} 0-1

[Event "Portugal Open Rapid 2017"]
[Site "masterchessopen.com Lisbon POR"]
[Date "2017.02.11"]
[Round "5.4"]
[White "Perunovic,Mil"]
[Black "Guimaraes,R"]
[Result "1-0"]
[WhiteElo "2604"]
[BlackElo "2126"]

1.e4 c5 2.Nf3 d6 3.d4 cxd4 4.Nxd4 Nf6 5.Nc3 a6 6.Be3 Ng4 7.Bg5 h6 8.Bh4 g5
9.Bg3 Bg7 10.Be2 Ne5 11.Nf5 Bxf5 12.exf5 Nbc6 13.O-O Rc8 14.Nd5 Nd7 15.c3 Nf6
16.Bf3 b5 17.Re1 Nxd5 18.Bxd5 O-O 19.h4 Bf6 20.Qh5 Kg7 21.hxg5 Bxg5 22.Rad1
Qb6 23.Re4 Ne5 24.Rdd4 Rc5 25.Kh2 Rxd5 26.Rxd5 Nd7 27.Rg4 Nf6 28.Rxg5+ hxg5
29.Qxg5+ Kh8 30.Qh6+ Kg8 31.Rd4 Rc8 32.Rh4 {#r} 1-0

[Event "Portugal Open Rapid 2017"]
[Site "masterchessopen.com Lisbon POR"]
[Date "2017.02.11"]
[Round "5.5"]
[White "Guerreiro,N"]
[Black "Annaberdiev,M"]
[Result "0-1"]
[WhiteElo "2157"]
[BlackElo "2435"]

1.e4 c5 2.d4 cxd4 3.c3 Nf6 4.e5 Nd5 5.Nf3 e6 6.cxd4 d6 7.Bd3 dxe5 8.Nxe5 Be7
9.O-O O-O 10.Re1 Nd7 11.Qh5 g6 12.Qh3 Nxe5 13.dxe5 b6 14.Nc3 Nxc3 15.bxc3 Qc7
16.c4 Bb7 17.Bf4 Rfd8 18.Rad1 Rd7 19.Re3 Rad8 20.Rde1 Rd4 21.Qg3 Bb4 22.Rf1
Qc6 23.Rf3 Rxd3 24.Be3 Rd1 25.Qf4 Rxf1+ 26.Kxf1 Qd7 27.Bd4 {#R} 0-1